000 00909nam a2200277 i 4500
001 bg
100 1 _aSKRZYPEK, Jacek
245 1 0 _aPodstawy mechaniki uszkodzeń /
_cJacek Skrzypek ; Politechnika Krakowska im. Tadeusza Kościuszki.
260 _aKraków :
_bWydawnictwo Politechniki Krakowskiej,
_c2006.
300 _a[2], 168 s. :
_bil. ;
_c24 cm.
504 _aBibliogr. s. 161-168.
521 _aPodręcznik dla studentów politechnik i słuchaczy studiów doktoranckich.
650 9 _aWytrzymałość materiałów
655 _aPodręczniki akademickie
710 0 _aPolitechnika Krakowska im. Tadeusza Kościuszki
015 _aPB 13797/2006
020 _a8372423903
020 _a9788372423900
040 _cBPK
041 0 _apol
080 _a539.3/.6(075.8)
920 _a83-7242-390-3
920 _a978-83-7242-390-0
942 _cKS
008 s pl f |000 0 pol
999 _c52183
_d52183
856 _uhttp://koha.tu.koszalin.pl/cgi-bin/koha/opac-detail.pl?biblionumber=52183
_yKatalog online BPK